| 000 | 00379 a2200169 4500 | ||
|---|---|---|---|
| 001 | 76273 | ||
| 020 | _a978-85-8235-079-9 | ||
| 040 | _cAnchieta - Colégio São Paulo | ||
| 100 | _aVieira, Bruna | ||
| 240 | 1 | 0 |
_aDe volta aos quinze _l |
| 245 | 1 | 0 | _aDe volta aos quinze |
| 300 | _a222 | ||
| 362 | 0 | _a2013 | |
| 440 | 1 | _aGutenberg | |
| 650 | 4 | _aLiteratura juvenil | |
| 942 | _cBK | ||
| 999 |
_c76273 _d76273 |
||